000
00348nam a2200157Ia 4500
008
210210b1818 xxu||||| |||| 00| 0 eng d
041
_a
eng
082
_a
829/943
100
_a
SCOTT (Sir W)
245
_a
Rob roy
260
_a
Calcutta
_b
Not Mentioned
_c
1818
650
_a
roy
650
_a
Rob
690
_a
English Fiction
906
_a
017558
999
_c
137542
_d
137542